| 000 | 01207cas a22003731 4500 | ||
|---|---|---|---|
| 001 | 11234022 | ||
| 003 | NUST | ||
| 005 | 20210715142312.0 | ||
| 008 | 750921c19689999pk mr p g 0 a0eng | ||
| 010 | _a 79930174 | ||
| 035 | _a(OCoLC)ocm01645738 | ||
| 038 | _awaseem | ||
| 040 |
_aDLC _beng _cMUL _dCOO _dDLC _dNST _dOCLCQ _dOCLCF _dOCLCO _dOCLCA _dOCLCQ |
||
| 042 | _apcc | ||
| 043 | _aa-pk--- | ||
| 050 | 0 | 0 | _aLAW |
| 082 | 0 | 4 |
_a343.09549 _bPAK |
| 245 | 0 | 0 |
_aPakistan criminal law journal 1996 _cEditors Muhammad Anwar, Muhammad Azhar Saeed, Muhammad Zubair Saeed and Ch Sarfraz Ahmad |
| 260 |
_aLahore : _bPakistan Law House, _c1996. |
||
| 300 |
_a3volumes _c23 cm |
||
| 336 |
_atext _btxt _2rdacontent |
||
| 337 |
_aunmediated _bn _2rdamedia |
||
| 338 |
_avolume _bnc _2rdacarrier |
||
| 362 | 0 | _av. 1- Jan. 1968- | |
| 563 | _aHBK. | ||
| 590 | _aSERBIB/SERLOC merged record | ||
| 650 | 0 |
_aCriminal law _zPakistan _vDigests. _955093 |
|
| 650 | 7 |
_aCriminal law. _2fast _0(OCoLC)fst00883328 |
|
| 651 | 7 |
_aPakistan. _2fast _0(OCoLC)fst01210275 |
|
| 655 | 7 |
_aDigests. _2fast _0(OCoLC)fst01423795 |
|
| 906 |
_a7 _bcbc _cserials _d3 _encip _f19 _gn-oclcserc |
||
| 942 |
_2ddc _cREF _s1 |
||
| 999 |
_c585933 _d585933 |
||